000 01573nam a22002297a 4500
005 20220426162301.0
008 220426b ||||| |||| 00| 0 eng d
020 _a0330438395
040 _cAloy
041 L _aeng
082 _223
_a954.035
_bALIN
100 _aTariq Ali
_932114
245 _aNehrus and the Gandhis:
_bAn Indian dynasty
260 _aLondon
_bPan Books
_c2001
300 _axxii,355p.
_bPB
_c20x13cm
520 _aThe Nehrus are a dynasty without precedent in the modern world; nowhere else and at no other time in recent history has a single family wielded such enduring and pervasive power over the country – and the electorate – they serve. From Jawaharlal Nehru to his daughter, Indira Gandhi, and from there, via Sanjay and Rajiv to – most recently – Sonia, this remarkable family have consistently established both the parameters and rhetoric of India’s political development. In the eighties, Tariq Ali made several trips to India, meeting a wide range of political and public figures, including Mrs Gandhi, and leaders of both the Congress and Opposition parties. The Nehrus and the Gandhis, first published in 1985, was the result. Now updated to include the most recent chapters in India’s political history, it remains as relevant as ever, offering an intricate and revealing portrait of power, seen through the continued rise – and eyes – of one family.
650 _aIndian History
_932104
650 _aJawaharlal Nehru
_932105
650 _aIndira Gandhi
_932106
700 _aALI (Tariq)
_932107
942 _2ddc
_cGF
999 _c222649
_d222649